Radical Islam (Record no. 9490)

MARC details
000 -LEADER
fixed length control field 00644nam a2200241 a 4500
020 ## - INTERNATIONAL STANDARD BOOK NUMBER
ISBN 0300153
082 00 - DEWEY DECIMAL CLASSIFICATION NUMBER
Classification number 320.550917671
Author Cutter SIV
100 ## - MAIN ENTRY--AUTHOR NAME
Author name Sivan, Emmanuel
245 ## - TITLE STATEMENT
Title Radical Islam
Sub title Medieval Theology and Modern Politics
260 ## - PUBLICATION, DISTRIBUTION, ETC. (IMPRINT)
Place of publication New Haven
Name of publisher Yale University Press
Year of publication 1985
300 ## - PHYSICAL DESCRIPTION
Number of Pages 238p
500 ## - GENERAL NOTE
General note includes index and biblioraphy
505 2# - FORMATTED CONTENTS NOTE
Formatted contents note Index
650 ## - SUBJECT ADDED ENTRY--TOPICAL TERM
Topical Term Religious Fundamentalism-Islamic
942 ## - ADDED ENTRY ELEMENTS (KOHA)
Koha item type Books
700 1# -
-- Sivan, Emmanuel
Holdings
Collection code Home library Current library Date acquired Cost, normal purchase price Full call number Accession Number Koha item type
  Henry Martyn Institute Library Henry Martyn Institute Library 04/05/2007 294.00 320.550917671 SIV 018967 Books
                   Copyright © 2026 | Henry Martyn Institute | Hyderabad | TS-500052 | INDIA | Implemented by hmi.edu.in
Hit-Count:

Powered by Koha